Finanzas para empresas competitivas (Registro nro. 3)
[ vista simple ]
| 000 -LEADER | |
|---|---|
| fixed length control field | 01464 a2200241 4500 |
| 001 - CONTROL NUMBER | |
| control field | 3 |
| 005 - DATE AND TIME OF LATEST TRANSACTION | |
| control field | 20260407155401.0 |
| 008 - FIXED-LENGTH DATA ELEMENTS--GENERAL INFORMATION | |
| fixed length control field | 260407a1994 arg spa d |
| 003 - CONTROL NUMBER IDENTIFIER | |
| control field | AR-UNSa-BCEJYS |
| 040 ## - CATALOGING SOURCE | |
| Original cataloging agency | AR-UNSa-BCEJYS |
| Language of cataloging | spa |
| Transcribing agency | AR-UNSa-BCEJYS |
| 080 ## - UNIVERSAL DECIMAL CLASSIFICATION NUMBER | |
| Universal Decimal Classification number | 658.15 |
| Common auxiliary subdivision | Administración financiera privada. Gestión financiera de empresas<br/> |
| 020 ## - INTERNATIONAL STANDARD BOOK NUMBER | |
| International Standard Book Number | 950-641-212-x |
| 041 ## - LANGUAGE CODE | |
| Language code of text/sound track or separate title | spa |
| 100 1# - MAIN ENTRY--PERSONAL NAME | |
| Personal name | Mondino, Diana |
| 245 10 - TITLE STATEMENT | |
| Title | Finanzas para empresas competitivas |
| Name of part/section of a work | conceptos esenciales para decisiones eficientes |
| 264 #1 - PRODUCTION, PUBLICATION, DISTRIBUTION, MANUFACTURE, AND COPYRIGHT NOTICE | |
| Place of production, publication, distribution, manufacture | Buenos Aires : |
| Name of producer, publisher, distributor, manufacturer | Granica |
| Date of production, publication, distribution, manufacture, or copyright notice | 1994 |
| 300 ## - PHYSICAL DESCRIPTION | |
| Extent | 403 p. |
| Dimensions | 22 cm |
| 505 ## - FORMATTED CONTENTS NOTE | |
| Formatted contents note | 1. La información económico-financiera básica - 2. El análisis del break-even o punto muerto - 3. Análisis financiero mediante el uso de ratios - 4. El ciclo de caja. La cuenta de resultados y los resultados financieros - 5. El pronostico financiero de corto plazo en la empresa - 6. Una visión conceptual sobre el interés - 7. La valuación de recursos en distintos momentos del tiempo - 8. Los métodos de evaluación de proyectos: Los Unos - 9. Los métodos de evaluación de proyectos: Los Otros - 10. De cómo descontar qué cash-flows - 11. La estructura de capital - 12. El"Capital Asset Pricing Model"(CAPM - 13. La inversión en los mercados financieros. |
| 590 ## - LOCAL NOTE (RLIN) | |
| Local note | niveau_biblio:m niveau_hierar:0 |
| 700 1# - ADDED ENTRY--PERSONAL NAME | |
| Personal name | Pendás, Eugenio A. |
| 856 41 - ELECTRONIC LOCATION AND ACCESS | |
| Uniform Resource Identifier | <a href="https://170.210.207.44/pmb/images/libros/L69557.jpg">https://170.210.207.44/pmb/images/libros/L69557.jpg</a> |
| Link text | Imagen de portada |
| Electronic format type | image/jpeg |
| 942 ## - ADDED ENTRY ELEMENTS (KOHA) | |
| Koha item type | |
| Withdrawn status | Lost status | Damaged status | Not for loan | Home library | Current library | Shelving location | Date acquired | Total checkouts | Full call number | Barcode | Date last seen | Price effective from | Koha item type |
|---|---|---|---|---|---|---|---|---|---|---|---|---|---|
| Biblioteca Prof. Eusebio Cleto del Rey | Biblioteca Prof. Eusebio Cleto del Rey | 07/04/2026 | 658.15 M741 | L69557 | 07/04/2026 | 07/04/2026 | Libro | ||||||
| Biblioteca Prof. Eusebio Cleto del Rey | Biblioteca Prof. Eusebio Cleto del Rey | 07/04/2026 | 658.15 M741 | L69556 | 07/04/2026 | 07/04/2026 | Libro |